Mahtama gandhi ka satyagraha sambabdhi vichar tatha vartman sandrabh mein unki prasangita (Record no. 124508)
[ view plain ]
| 000 -LEADER | |
|---|---|
| fixed length control field | 00411nam a2200145Ia 4500 |
| 008 - FIXED-LENGTH DATA ELEMENTS--GENERAL INFORMATION | |
| fixed length control field | 230917s9999||||xx |||||||||||||| ||und|| |
| 040 ## - CATALOGING SOURCE | |
| -- | 112387 |
| Original cataloging agency | VIVEKANANDA LIBRARY |
| 041 ## - Language | |
| -- | English |
| 082 ## - DDC NUMBER | |
| Classification number | 320.50954 P79M |
| 100 ## - MAIN ENTRY--PERSONAL NAME | |
| Personal name | Poonam Rani |
| 245 #0 - TITLE STATEMENT | |
| Title | Mahtama gandhi ka satyagraha sambabdhi vichar tatha vartman sandrabh mein unki prasangita |
| 260 ## - PUBLICATION, DISTRIBUTION, ETC. (IMPRINT) | |
| Place of publication, distribution, etc | Rohtak |
| Name of publisher, distributor, etc | M. D. U. |
| Date of publication, distribution, etc | 2004 |
| 300 ## - PHYSICAL DESCRIPTION | |
| Pages | 118 p p. |
| 942 ## - ADDED ENTRY ELEMENTS (KOHA) | |
| Koha item type | Books |
| Withdrawn status | Lost status | Damaged status | Not for loan | Location (home branch) | Sublocation or collection (holding branch) | Date acquired | Koha issues (times borrowed) | Koha full call number | Accession No. | Koha date last seen | Koha item type |
|---|---|---|---|---|---|---|---|---|---|---|---|
| VIVEKANANDA LIBRARY | VIVEKANANDA LIBRARY | 05/12/2006 | 320.50954 P79M | 220368 | 17/09/2023 | Books |
